书目信息 |
| 题名: |
马克思主义视阈中的生态社会主义
|
|
| 作者: | 张剑, 著 | |
| 分册: | ||
| 出版信息: | 北京 中国社会科学出版社 2019.12 |
|
| 页数: | 194页 | |
| 开本: | 24cm | |
| 丛书名: | 中国社会科学院马克思主义理论学科建设与理论研究工程系列丛书 | |
| 单 册: | ||
| 中图分类: | D091.6 | |
| 科图分类: | ||
| 主题词: | 生态社会主义--sheng tai she hui zhu yi--研究 | |
| 电子资源: | ||
| ISBN: | 978-7-5203-3717-5 | |
| 000 | 01358nam 2200277 450 | |
| 001 | 202021045007 | |
| 005 | 20211025120153.0 | |
| 010 | @a978-7-5203-3717-5@dCNY75.00 | |
| 100 | @a20211006d2019 em y0chiy50 ea | |
| 101 | 0 | @achi |
| 102 | @aCN@b110000 | |
| 105 | @ay a 000yy | |
| 106 | @ar | |
| 200 | 1 | @a马克思主义视阈中的生态社会主义@Ama ke si zhu yi shi yu zhong de sheng tai she hui zhu yi@f张剑著 |
| 210 | @a北京@c中国社会科学出版社@d2019.12 | |
| 215 | @a194页@d24cm | |
| 225 | 2 | @a中国社会科学院马克思主义理论学科建设与理论研究工程系列丛书@Azhong guo she hui ke xue yuan ma ke si zhu yi li lun xue ke jian she yu li lun yan jiu gong cheng xi lie cong shu |
| 314 | @a张剑, 中共党员, 现就职于中国社会科学院马克思主义研究院, 副研究员。 | |
| 320 | @a有书目 (第191-194页) | |
| 330 | @a生态社会主义运动是当代全球左翼中发展较快的一支力量, 值得我们关注。我国学界对生态社会主义思潮的研究成果丰富。从马克思主义的视角对生态社会主义思潮和运动进行分析和评价是我们的任务。本书结合国内外最新的研究成果, 运用理论与实践相结合、历史与现实相统一的方法对其进行了批判性的研究。 | |
| 410 | 0 | @12001 @a中国社会科学院马克思主义理论学科建设与理论研究工程系列丛书 |
| 606 | 0 | @a生态社会主义@Asheng tai she hui zhu yi@x研究 |
| 690 | @aD091.6@v5 | |
| 701 | 0 | @a张剑,@Azhang jian@f1975-@4著 |
| 801 | 0 | @aCN@c20210909 |
| 905 | @a河南城建学院图书馆@dD091.6@eZ125 | |
| 马克思主义视阈中的生态社会主义/张剑著.-北京:中国社会科学出版社,2019.12 |
| 194页;24cm.-(中国社会科学院马克思主义理论学科建设与理论研究工程系列丛书) |
| ISBN 978-7-5203-3717-5:CNY75.00 |
| 生态社会主义运动是当代全球左翼中发展较快的一支力量, 值得我们关注。我国学界对生态社会主义思潮的研究成果丰富。从马克思主义的视角对生态社会主义思潮和运动进行分析和评价是我们的任务。本书结合国内外最新的研究成果, 运用理论与实践相结合、历史与现实相统一的方法对其进行了批判性的研究。 |
| ● |
| 相关链接 |
|
|
|
正题名:马克思主义视阈中的生态社会主义
索取号:D091.6/Z125
 
预约/预借
| 序号 | 登录号 | 条形码 | 馆藏地/架位号 | 状态 | 备注 |
| 1 | 1544724 | 215447247 | 社科库509/509社科库 68排4列2层/ [索取号:D091.6/Z125] | 在馆 | |
| 2 | 1544725 | 215447256 | 社科库509/509社科库 68排4列2层/ [索取号:D091.6/Z125] | 在馆 |